Kpop Demon hunter - Libre (Paroles) - Statistiques

Statistiques générales
  • Ce quiz a été pris 344 fois
  • Le résultat moyen est 228 sur 367
Statistiques - réponses
Paroles % Correct
l'
91%
à
89%
a
89%
J'
89%
j'
89%
t'
87%
m'
86%
n'
80%
c'
79%
se
78%
Se
78%
ai
77%
en
77%
le
77%
Le
77%
libre,
77%
libre
77%
(Libre,
77%
libre)
77%
ma
77%
Ma
77%
Je
76%
je
76%
me
76%
de
75%
on
74%
On
74%
es
73%
et
71%
dans
68%
est
68%
mais
68%
Mais
68%
peau
68%
Si
68%
si
68%
te
68%
toi
67%
mon
66%
que
66%
ta
66%
cœur
64%
les
63%
sens
63%
suis
63%
tes
63%
trouvé
63%
ce
62%
depuis
62%
mes
62%
nous
62%
Tu
62%
beau
61%
la
61%
main
61%
paix
61%
Tout
61%
voix
61%
avec
60%
côtés
60%
fardeaux
60%
mentir
60%
sur
60%
meilleur
59%
monde
59%
pas
59%
pire
59%
qui
59%
serait
59%
y
59%
enfin
58%
faux
58%
tous
58%
brise
57%
lis
57%
moi
57%
sonne
57%
as
56%
essaie
56%
changé
55%
un
55%
noie
54%
noie,
54%
retient
54%
sans
54%
des
53%
mieux
53%
yeux
53%
arriverais
52%
changer,
52%
changer
52%
devrais
52%
ferme
52%
plus
52%
chaos
51%
fuir
51%
peut
51%
autant
50%
tant
50%
ensemble
49%
secrets
49%
chagrin
48%
notre
48%
passe
48%
temps
48%
affrontait
47%
barrières
47%
ne
47%
sais
47%
toutes
47%
voulus
47%
avançait
46%
combat
46%
derrière
46%
fin
46%
laissait
46%
peur
46%
autre
45%
essayait
45%
longtemps
45%
sentiments
45%
mener
44%
peaux
44%
rire,
44%
vois
44%
détruit
43%
seule
43%
une
43%
battre
42%
chemin
42%
imposteur
42%
nos
41%
perdu
41%
pourquoi
41%
veux
41%
croire
40%
erreur
40%
entre
39%
était
39%
monstre
39%
crois
38%
étais
38%
direction
37%
celui
36%
part
36%
possible
36%
simple
36%
Alors
35%
Quelque
34%
réveillé
33%
auprès
32%
lise
32%
entête
30%
cacher
27%
protéger
25%
Aucun quiz correspondant
Distribution des résultats
% des personnes avec chaque résultat
Percentile par nombre de réponses
Votre historique - résultats
Vous n’avez pas pris ce quiz